[Event "Oberliga Nord N 1314"]
[Site "Germany"]
[Date "2014.01.12"]
[Round "8.1"]
[White "Hoi, Carsten"]
[Black "Hochgraefe, Markus"]
[Result "1/2-1/2"]
[WhiteElo "2393"]
[BlackElo "2324"]
[PlyCount "55"]
[EventDate "2013.10.13"]
[EventType "team-tourn"]
[EventRounds "9"]
[EventCountry "GER"]
[SourceTitle "EXT 2015"]
[Source "ChessBase"]
[SourceDate "2014.11.20"]
[SourceVersion "1"]
[SourceVersionDate "2014.11.20"]
[SourceQuality "1"]
[WhiteTeam "Kiel Turm"]
[BlackTeam "Hamburg Diogenes"]
[WhiteTeamCountry "GER"]
[BlackTeamCountry "GER"]

1. c4 c6 2. Nf3 d5 3. e3 Nf6 4. Nc3 a6 5. a4 e6 6. d4 c5 7. Bd3 Nc6 8. 0-0 Be7 9. b3 0-0 10. Bb2 b6 11. Qe2 Nb4 12. Rad1 cxd4 13. exd4 Nxd3 14. Rxd3 Bb7 15. Ne5 Re8 16. Rfd1 Bf8 17. h3 Ne4 18. Nxe4 dxe4 19. R3d2 f6 20. Ng4 Bb4 21. Rc2 Qe7 22. d5 Rad8 23. Ne3 a5 24. Bd4 Rd6 25. Rcc1 Qd7 26. Qg4 Qf7 27. dxe6 Rdxe6 28. Bb2 1/2-1/2

[Event "Hamburg St Pauli op-A"]
[Site "Hamburg"]
[Date "2013.07.12"]
[Round "7"]
[White "Hochgraefe, Markus"]
[Black "Kololli, Kevin"]
[Result "1-0"]
[WhiteElo "2327"]
[BlackElo "1925"]
[PlyCount "29"]
[EventDate "2013.07.06"]
[EventType "swiss"]
[EventRounds "9"]
[EventCountry "GER"]
[SourceTitle "CBM 155 Extra"]
[Source "ChessBase"]
[SourceDate "2013.08.26"]
[SourceVersion "1"]
[SourceVersionDate "2013.08.26"]
[SourceQuality "1"]

1. Nf3 c5 2. c4 Nc6 3. Nc3 e5 4. e3 g6 5. d4 exd4 6. exd4 d6 7. dxc5 dxc5 8. Qxd8+ Nxd8 9. Nb5 Ne6 10. Ng5 Nxg5 11. Bxg5 Kd7 12. Be2 f6 13. Bf4 a6 14. Rd1+ Ke7 15. Nc7 1-0

[Event "Hamburg St Pauli op-A"]
[Site "Hamburg"]
[Date "2013.07.09"]
[Round "4"]
[White "Christensen, Thomas"]
[Black "Hochgraefe, Markus"]
[Result "1/2-1/2"]
[WhiteElo "2149"]
[BlackElo "2327"]
[PlyCount "39"]
[EventDate "2013.07.06"]
[EventType "swiss"]
[EventRounds "9"]
[EventCountry "GER"]
[SourceTitle "CBM 155 Extra"]
[Source "ChessBase"]
[SourceDate "2013.08.26"]
[SourceVersion "1"]
[SourceVersionDate "2013.08.26"]
[SourceQuality "1"]

1. Nc3 d5 2. e4 c6 3. d4 dxe4 4. Nxe4 Nd7 5. Bf4 Ngf6 6. Nxf6+ Nxf6 7. Nf3 Bg4 8. Be2 e6 9. 0-0 Be7 10. c3 0-0 11. Ne5 Bxe2 12. Qxe2 Qd5 13. Rfe1 Rad8 14. Rad1 Qxa2 15. Qc2 c5 16. d5 c4 17. Ra1 Qb3 18. Qxb3 cxb3 19. dxe6 fxe6 20. Rxa7 1/2-1/2

[Event "Oberliga Nord N 1213"]
[Site "Germany"]
[Date "2013.04.14"]
[Round "9.1"]
[White "Hochgraefe, Markus"]
[Black "Pedersen, Steffen"]
[Result "1/2-1/2"]
[WhiteElo "2333"]
[BlackElo "2419"]
[PlyCount "63"]
[EventDate "2012.10.14"]
[EventType "team-tourn"]
[EventRounds "9"]
[EventCountry "GER"]
[SourceTitle "EXT 2015"]
[Source "ChessBase"]
[SourceDate "2014.11.20"]
[SourceVersion "1"]
[SourceVersionDate "2014.11.20"]
[SourceQuality "1"]
[WhiteTeam "Hamburg Diogenes"]
[BlackTeam "Preetz"]
[WhiteTeamCountry "GER"]
[BlackTeamCountry "GER"]

1. c4 e6 2. Nc3 d5 3. d4 Be7 4. Nf3 Nf6 5. Bf4 0-0 6. e3 c5 7. dxc5 Bxc5 8. a3 Nc6 9. Qc2 Bd7 10. Rd1 dxc4 11. Bxc4 Rc8 12. 0-0 Be7 13. Ba2 Qa5 14. Nd2 Qh5 15. Nde4 Nxe4 16. Qxe4 Rfd8 17. Rxd7 Rxd7 18. Bxe6 Rcd8 19. Bxd7 Rxd7 20. Qc2 Qa5 21. h3 h6 22. Rc1 Nd8 23. Ne4 Ne6 24. Bg3 Qd5 25. Kf1 h5 26. Nc3 Qc4+ 27. Qe2 Qb3 28. Qb5 Qxb5+ 29. Nxb5 h4 30. Bb8 a6 31. Nc3 Rd2 32. b4 1/2-1/2

[Event "Oberliga Nord N 1213"]
[Site "Germany"]
[Date "2013.02.24"]
[Round "7.2"]
[White "Rosmann, Ilja"]
[Black "Hochgraefe, Markus"]
[Result "1/2-1/2"]
[WhiteElo "2326"]
[BlackElo "2333"]
[PlyCount "42"]
[EventDate "2012.10.14"]
[EventType "team-tourn"]
[EventRounds "9"]
[EventCountry "GER"]
[SourceTitle "EXT 2015"]
[Source "ChessBase"]
[SourceDate "2014.11.20"]
[SourceVersion "1"]
[SourceVersionDate "2014.11.20"]
[SourceQuality "1"]
[WhiteTeam "Koenigsspringer"]
[BlackTeam "Hamburg Diogenes"]
[WhiteTeamCountry "GER"]
[BlackTeamCountry "GER"]

1. e4 c6 2. d4 d5 3. e5 Bf5 4. Nd2 e6 5. Nb3 Nd7 6. Nf3 Bg6 7. Be2 Nh6 8. Bg5 f6 9. Bf4 fxe5 10. Nxe5 Nxe5 11. Bxe5 Nf7 12. Bg3 Bd6 13. 0-0 Bxg3 14. fxg3 0-0 15. Nc5 Qe7 16. Bd3 b6 17. Bxg6 bxc5 18. Bxf7+ Rxf7 19. Rxf7 Kxf7 20. Qf3+ Qf6 21. Rf1 Qxf3 1/2-1/2